| 000 | 01545nam a22003494a 4500 | ||
|---|---|---|---|
| 001 | ebr10090468 | ||
| 003 | CaPaEBR | ||
| 006 | m u | ||
| 007 | cr cn||||||||| | ||
| 008 | 030909s2004 ne ab sb 001 0 eng | ||
| 020 | _z9004125787 | ||
| 040 |
_aCaPaEBR _cCaPaEBR |
||
| 035 | _a(OCoLC)191936076 | ||
| 043 |
_ae------ _aff----- _aaw----- |
||
| 050 | 1 | 4 |
_aDS155 _b.B87 2004eb |
| 082 | 0 | 4 |
_a939/.2 _222 |
| 100 | 1 | _aBurrell, Barbara. | |
| 245 | 1 | 0 |
_aNeokoroi _h[electronic resource] : _bGreek cities and Roman emperors / _cby Barbara Burrell. |
| 260 |
_aLeiden ; _aBoston : _bBrill, _c2004. |
||
| 300 |
_axviii, 422 p. (one folded), [37] p. of plates : _bill., map. |
||
| 490 | 1 |
_aCincinnati classical studies, _x0169-7692 ; _vnew ser., v. 9 |
|
| 500 | _aOriginally presented as the author's thesis (doctoral--Harvard, 1980) under title: Neokoroi, Greek cities of the Roman East. | ||
| 504 | _aIncludes bibliographical references (p. [375]-394) and indexes. | ||
| 533 |
_aElectronic reproduction. _bPalo Alto, Calif. : _cebrary, _d2013. _nAvailable via World Wide Web. _nAccess may be limited to ebrary affiliated libraries. |
||
| 650 | 0 |
_aCities and towns, Ancient _zTurkey. |
|
| 650 | 0 |
_aGreeks _zTurkey _xHistory _yTo 1500. |
|
| 650 | 0 |
_aEmperor worship _zRome. |
|
| 655 | 7 |
_aElectronic books. _2local |
|
| 710 | 2 | _aebrary, Inc. | |
| 830 | 0 |
_aCincinnati classical studies ; _vnew ser., v. 9. |
|
| 856 | 4 | 0 |
_uhttp://site.ebrary.com/lib/rucke/Doc?id=10090468 _zAn electronic book accessible through the World Wide Web; click to view |
| 999 |
_c52146 _d52146 |
||